000
00248nam a2200097Ia 4500
001
665549
005
20250826160252.0
008
250824s9999 xx 000 0 und d
245
0
_a
Ruby Rogers Bunu Aklınız Alıyor mu ?
_c
Sue Limb
260
_b
ALTIN
999
_c
665549
_d
665549